000 00290nam a22001337a 4500
008 180308b xxu||||| |||| 00| 0 eng d
020 _a9780323009966
041 _aeng
080 _a610
100 _a2
101 _aINF
245 _aPATIENT CARE STANDARDS
_cSUSAN.M
942 _2udc
_cBK
999 _c44504
_d44504